000 00626nam a2200205Ia 4500
003 GCL
008 140319s9999 xx 000 0 ara d
040 _aGCL /
_cGCL
082 0 4 _a011
_bح م
100 1 _aحلمى نجم
245 1 0 _aمقتطفات المؤلفات /
_cحلمى نجم
260 _aالقاهرة :
_bدار ايما للنشر ،
_c1998
300 _a225 ص ؛
_c24 سم
650 0 4 _aالتصوف
650 0 4 _aالمقالات العربية
650 0 4 _aالعبادات
650 0 4 _aالببليوجرافيا
650 0 4 _aالببليوجرافيات - الموضوعية
942 _2ddc
_cBK
999 _c436
_d436